00286nam a2200109 a 450000500170000000800410001705000230005824500230008126000280010430000090013244000350014120140412111326.0101228s19uu xx 00 eng d aREF 030bD632 1999 aStory of the Past. aChina :bDisney,c1999. a57p. aDisney Children's Encyclopedia